| 000 | 00600nam a2200205Ia 4500 | ||
|---|---|---|---|
| 999 |
_c41210 _d41210 |
||
| 001 | 7862 | ||
| 003 | GE_BSU | ||
| 005 | 20221114162058.0 | ||
| 008 | 181216s2010en xx |||||||||||||| ||eng|| | ||
| 020 | _a9780582507333ხ | ||
| 040 | _cGE_BSU | ||
| 080 | _a811.111(075) M-25 | ||
| 100 |
_aMann,Richard _914856 |
||
| 245 |
_aNew proficiency GOLD Exam maximizer / _cRichard Mann. |
||
| 264 |
_aEdinburgh : _bLongman, _c2010. |
||
| 300 |
_a175 p.: _bIll; _c27cm. |
||
| 653 | _aNew proficiency GOLD Exam maximizer | ||
| 653 | _aინგლისური გრამატიკა | ||
| 942 |
_cBK _2udc |
||